00559nam a22001817a 4500003000500000005001700005008004100022040000600063082001700069100004900086245003100135260003700166300000900203650003300212942001200245999001900257952010100276CEME20210628205811.0210317b xxu||||| |||| 00| 0 eng d c. a891.4393 TAR aTariq Ismail Sagar Sagar, Tariq Ismail98854 aAay rahay haq kay shaheedo aLAHOREbSAGAR PUBLICATIONSc1999 a328P aURDU ADAB-BIOGRAPHIES977065 cBK2ddc c582389d582389 00104070aCEMEbCEMEcGENd2017-06-05l0o891.4393 TARpCEME-32818r2021-06-28w2021-06-28yBK